000 00616nam a2200193Ia 4500
003 GCL
008 140319s9999 xx 000 0 ara d
040 _aGCL /
_cGCL
082 0 4 _a296
_bا د
100 1 _aادوارد سعيد
245 1 0 _aالديانة اليهودية وتاريخ اليهود : وطأة 3000 عام /
_cادوارد سعيد
700 1 _aاسرائيل شاماك
300 _a181 ص
490 _aالهيئة العامة للاستعلامات
_v0
650 0 4 _aاليهود
650 0 4 _aاليهود - تاريخ
650 0 4 _aالديانة اليهودية
942 _2ddc
_cBK
999 _c49150
_d49150